On This Day: November 6th Quiz Stats

 Plays Quiz Updated Nov 6, 2017

Challenge
Share
Tweet
Embed
Score 0/7 Timer 03:00
0 Plays Today
Question Answer Wrong Answers
This man is elected as the 16th President of the United States.
1860
Abraham Lincoln
86.3%
James Buchanan
3.8%
Andrew Johnson
3.8%
Andrew Jackson
5.8%
Pope Pius VI appoints Father John Carroll as the first Catholic bishop in this country.
1789
United States
71.1%
United Kingdom
17.5%
German Empire
5.7%
Kingdom of France
5.6%
This weekly NBC TV news and interview program, the longest-running program in television history, makes its debut.
1947
Meet the Press
69.4%
Face the Nation
16.6%
Weekend Today
6.1%
State of the Union
5.7%
The Soviet Red Army recaptures this city in Ukraine, but the Germans destroy most of the city’s ancient buildings as they withdraw.
1943
Kyiv
68.5%
Kazan
2.8%
Tbilisi
3.6%
Minsk
23.3%
This man announces that he has signed a deal that will relocate the Cleveland Browns of the NFL to Baltimore.
1995
Art Modell
55.6%
Steve Bisciotti
13.9%
Mike Brown
17.4%
Jim Irsay
10.4%
This well-known American actress, who made her film debut in the movie ‘Superbad’, is born.
1988
Emma Stone
54.3%
Anna Faris
9.9%
Jennifer Lawrence
19.4%
Mila Kunis
14%
Mohandas Gandhi is arrested while leading a march of Indian miners in this country.
1913
South Africa
30.3%
India
53.7%
Pakistan
13%
Egypt
2%

Today's Daily Dose

Missing Word
No Snow!

Word Ladder
Wild Cats

On This Day
December 16th II

You're not logged in!

Compare scores with friends on all Sporcle quizzes.
OR
Log In

You Might Also Like...

Show Comments

Extras

Top Quizzes Today


Score Distribution

Your Account Isn't Verified!

In order to create a playlist on Sporcle, you need to verify the email address you used during registration. Go to your Sporcle Settings to finish the process.

Report this User

Report this user for behavior that violates our Community Guidelines.

Details: